The Bihar Warehouse Act, 1953 [Bihar Act III of 1954] (Record no. 508105)

000 -LEADER
fixed length control field 00316nam a2200109 4500
082 ## - DEWEY DECIMAL CLASSIFICATION NUMBER
Classification number Z46703x5413 A/1954
100 ## - MAIN ENTRY--PERSONAL NAME
Personal name Bihar. Law Deparatment
9 (RLIN) 3169
245 ## - TITLE STATEMENT
Title The Bihar Warehouse Act, 1953 [Bihar Act III of 1954]
Statement of responsibility, etc by law Department
260 ## - PUBLICATION, DISTRIBUTION, ETC. (IMPRINT)
Place of publication, distribution, etc Patna
Name of publisher, distributor, etc Government of Bihar
Date of publication, distribution, etc 1954
300 ## - PHYSICAL DESCRIPTION
Extent 13p.
942 ## - ADDED ENTRY ELEMENTS (KOHA)
Source of classification or shelving scheme
Holdings
Withdrawn status Lost status Source of classification or shelving scheme Damaged status Koha normalized classification for sorting Not for loan Permanent location Current location Date acquired Full call number Barcode Date last seen Price effective from Koha item type
        Z_46703X5413_A_1954_000000000000000   Indian Institute of Public Administration Indian Institute of Public Administration 2019-03-07 Z46703x5413 A/1954 GG33748 2019-03-07 2019-03-07 GG

Powered by Koha